000 00340nam a2200145Ia 4500
008 230711s9999||||xx |||||||||||||| ||und||
041 _aENG
082 _a621
_bTA-E
100 _aTayal,DC
245 0 _aElectricity and magnetism
250 _a2nd Ed.
260 _c1989
_aMumbai
_bHimalaya Publishing House
650 _aPhysics
942 _cBK
999 _c595
_d595